Intellectual property management in health and agricultural innovation : a handbook of best practices (Record no. 77469)
[ view plain ]
| 000 -LEADER | |
|---|---|
| fixed length control field | 01121nam a2200217 a 4500 |
| 008 - FIXED-LENGTH DATA ELEMENTS--GENERAL INFORMATION | |
| fixed length control field | 090527s2007 ||||||||||||||||| || u |
| 020 ## - INTERNATIONAL STANDARD BOOK NUMBER | |
| International Standard Book Number | 9781424320271 |
| 050 ## - LIBRARY OF CONGRESS CALL NUMBER | |
| Classification number | MIHR(02) |
| 100 ## - MAIN ENTRY--PERSONAL NAME | |
| Personal name | Krattiger, Anatole |
| 245 10 - TITLE STATEMENT | |
| Title | Intellectual property management in health and agricultural innovation : a handbook of best practices |
| Statement of responsibility, etc. | edited by Anatole Krattiger (and others) |
| 260 ## - PUBLICATION, DISTRIBUTION, ETC. | |
| Place of publication, distribution, etc. | Oxford: |
| Name of publisher, distributor, etc. | MIHR |
| Date of publication, distribution, etc. | 2007 |
| 300 ## - PHYSICAL DESCRIPTION | |
| Extent | 2v |
| 350 ## - | |
| -- | 0.00 |
| 650 ## - SUBJECT ADDED ENTRY--TOPICAL TERM | |
| Topical term or geographic name entry element | INTELLECTUAL PROPERTY RIGHTS |
| 650 ## - SUBJECT ADDED ENTRY--TOPICAL TERM | |
| Topical term or geographic name entry element | AGRICULTURE--INNOVATION--RESEARCH |
| 650 ## - SUBJECT ADDED ENTRY--TOPICAL TERM | |
| Topical term or geographic name entry element | HEALTH--INNOVATION--RESEARCH |
| 710 ## - ADDED ENTRY--CORPORATE NAME | |
| Corporate name or jurisdiction name as entry element | Centre for the Management of Intellectual Property in Health Research and Development (MIHR) |
| 710 ## - ADDED ENTRY--CORPORATE NAME | |
| Corporate name or jurisdiction name as entry element | Public Intellectual Property Resource for Agriculture (PIPRA) |
| 995 ## - | |
| -- | SPECIAL COLLECTIONS |
| -- | 0.00 |
| -- | 9781424320264 |
| -- | CBU-MAIN LIBRARY (Kitwe) |
| -- | 1 |
| -- | 0.00 |
| -- | MIHR(02)2007/1A |
| -- | 1 |
| -- | AVAILABLE |
| -- | Jun 29, 2009 |
| -- | 9781424320264 |
| -- | International Publications |
| 995 ## - | |
| -- | SPECIAL COLLECTIONS |
| -- | 0.00 |
| -- | 0781424320271 |
| -- | CBU-MAIN LIBRARY (Kitwe) |
| -- | 1 |
| -- | 0.00 |
| -- | MIHR(02)2007/1B |
| -- | 2 |
| -- | AVAILABLE |
| -- | Jun 29, 2009 |
| -- | 0781424320271 |
| -- | International Publications |
| 999 ## - | |
| -- | 77469 |
| -- | 77469 |
| Withdrawn status | Lost status | Source of classification or shelving scheme | Damaged status | Not for loan | Permanent Location | Current Location | Shelving location | Date acquired | Total Checkouts | Full call number | Barcode | Date last seen | Copy number | Price effective from | Koha item type |
|---|---|---|---|---|---|---|---|---|---|---|---|---|---|---|---|
| CBU-MAIN LIBRARY, KITWE. | CBU-MAIN LIBRARY, KITWE. | 04/27/2023 | MIHR(02)2007/1A | 9781424320264 | 04/27/2023 | 1 | 04/27/2023 | SPECIAL COLLECTION | |||||||
| CBU-MAIN LIBRARY, KITWE. | CBU-MAIN LIBRARY, KITWE. | 04/27/2023 | MIHR(02)2007/1B | 0781424320271 | 04/27/2023 | 2 | 04/27/2023 | SPECIAL COLLECTION |